000 00742nam a2200229 a 4500
001 56380
003 BD-RJUL
005 20211209080404.0
008 161129s1966 ii 001 0 eng d
035 _a(BD-RJUL)56504
040 _cUPRA
_dBD-RJUL
_aBD-RjUL
_beng
041 _aeng
082 _223
_a320.954
_bGHH 1966
100 1 _aGhoshal, Upendra Nath,
_d1886-1969
_9131453
245 1 2 _aA history of Indian public life /
_cU.N. Ghoshal.
260 _aBombay :
_bOxford University Press,
_c1966.
300 _aV. ;
_c25cm.
500 _aIncludes index
505 _aVol. 2 --
_tThe pre-Maurya and the Maurya periods
650 0 _aIndia -- Politics and government -- Ancient period.
_vIndia -- History.
_xHindus.
_9167722
942 _2ddc
_cBK
999 _c56380
_d56380